Základy matematickej analýzy /

Na minha lista:
Detalhes bibliográficos
Autor principal: Kosmák, Ladislav (Author)
Formato: Livro
Idioma:eslovaco
Publicado em: Bratislava : Alfa, 1985
Edição:1.vyd.
Assuntos:
Acesso em linha:OBSAH
Tags: Adicionar Tag
Sem tags, seja o primeiro a adicionar uma tag!

MARC

LEADER 00000nam a22000003a 4500
001 stu37989
005 20150617225728.7
008 920901s1985----cs------------------slo-d
040 |a STU  |b slo 
041 0 |a slo 
044 |a cs 
080 |a 517(075.8) 
100 1 |a Kosmák, Ladislav  |4 aut 
245 1 |a Základy matematickej analýzy /  |c [aut.]Ladislav Kosmák 
250 |a 1.vyd. 
260 |a Bratislava :  |b Alfa,  |c 1985 
300 |a 205 s 
650 7 |a Analýza matematická  |2 stusub 
856 4 |a https://sweb.mtf.stuba.sk/obsahy/Untitledzaklady_matematickej_analyzy_84  |u https://sweb.mtf.stuba.sk/obsahy/Untitledzaklady_matematickej_analyzy_84  |3 OBSAH 
996 |b 284M040139  |c M*84-1  |l MMKN  |s A  |a 24  |w stu37989_0001 
996 |b 284M034719  |c M*84-2  |l MMST  |s A  |a 24  |w stu37989_0002